Catálogo
 En Linea

Vanguardia, ideología y lenguaje / (Registro nro. 18737)

Detalles MARC
000 -CABECERA
campo de control de longitud fija 00529nam a2200169 a 4500
001 - NÚMERO DE CONTROL
campo de control 000019219
005 - FECHA Y HORA DE LA ÚLTIMA TRANSACCIÓN
campo de control 20200929165943.0
008 - DATOS DE LONGITUD FIJA--INFORMACIÓN GENERAL
campo de control de longitud fija 100528s1965 ve r 000 0 spa d
040 ## - FUENTE DE LA CATALOGACIÓN
Centro catalogador/agencia de origen DO-SdBNP
Lengua de catalogación spa
Centro/agencia transcriptor BNPHU
082 ## - NÚMERO DE LA CLASIFICACIÓN DECIMAL DEWEY
Número de clasificación xxx
Número de documento/Ítem S226v
049 ## - FONDOS LOCALES (OCLC)
Fondos de biblioteca BNGR
100 1# - ENTRADA PRINCIPAL--NOMBRE DE PERSONA
Nombre de persona Sanguineti, Edoardo
9 (RLIN) 41348
245 10 - MENCIÓN DE TÍTULO
Título Vanguardia, ideología y lenguaje /
Mención de responsabilidad, etc. Edoardo Sanguineti ; traducción Antonio Pasquali.
260 ## - PUBLICACIÓN, DISTRIBUCIÓN, ETC.
Lugar de publicación, distribución, etc. Caracas :
Nombre del editor, distribuidor, etc. Monte Avila Editores,
Fecha de publicación, distribución, etc. 1965.
300 ## - DESCRIPCIÓN FÍSICA
Extensión 145 p. : ;
Dimensiones 19 cm.
700 1# - PUNTO DE ACCESO ADICIONAL--NOMBRE DE PERSONA
Nombre de persona Pasquali, Antonio,
Término indicativo de función/relación tr.
9 (RLIN) 41349
Existencias
Estado de retiro Estado de pérdida Restricciones de uso No para préstamo Código de colección Localización permanente Ubicación/localización actual Ubicación en estantería Fecha de adquisición Número de inventario Total de préstamos Signatura topográfica completa Código de barras Fecha visto por última vez Precio válido a partir de Tipo de ítem Koha
        Monografías: Libros y Folletos General General En catalogación 28.05.2010 LF1   xxx S226v 19219-10 25.06.2020 25.06.2020 Préstamo en sala

Con tecnología Koha